书目信息 |
| 题名: |
材料力学
|
|
| 作者: | 闵行 , 刘书静 , 诸文俊 编著 | |
| 分册: | ||
| 出版信息: | 西安 西安交通大学出版社 2009.12 |
|
| 页数: | 217页 | |
| 开本: | 23cm | |
| 丛书名: | 21世纪应用型本科系列教材 | |
| 单 册: | ||
| 中图分类: | TB301 | |
| 科图分类: | ||
| 主题词: | 材料力学--cai liao li xue--高等学校--教材 | |
| 电子资源: | ||
| ISBN: | 978-7-5605-3241-7 | |
| 000 | 01075nam 2200289 450 | |
| 001 | 012010522933 | |
| 005 | 20100601090313.62 | |
| 010 | @a978-7-5605-3241-7@dCNY22.00 | |
| 100 | @a20100601d2009 em y0chiy0120 ea | |
| 101 | 0 | @achi |
| 102 | @aCN@b610000 | |
| 105 | @aak a 000yy | |
| 106 | @ar | |
| 200 | 1 | @a材料力学@Acai liao li xue@f闵行, 刘书静, 诸文俊@Fmin xing,liu shu jing,zhu wen jun |
| 210 | @a西安@c西安交通大学出版社@d2009.12 | |
| 215 | @a217页@c图@d23cm | |
| 225 | 2 | @a21世纪应用型本科系列教材@A21 shi ji ying yong xing ben ke xi lie jiao cai |
| 320 | @a有书目 | |
| 330 | @a全书共分11章:绪论、轴向拉伸与压缩、扭转、弯曲内力、弯曲应力、弯曲变形、应力状态分析和强度理论等。本书结构紧凑,语句简明,由浅入深,注意联系工程实际,便于教学和自学。 | |
| 410 | 0 | @12001 @a21世纪应用型本科系列教材 |
| 606 | 0 | @a材料力学@Acai liao li xue@x高等学校@j教材 |
| 690 | @aTB301@v4 | |
| 701 | 0 | @a闵行@Amin xing@4编著 |
| 701 | 0 | @a刘书静@Aliu shu jing@4编著 |
| 701 | 0 | @a诸文俊@Azhu wen jun@4编著 |
| 801 | 0 | @aCN@bQSSK@c20100601 |
| 905 | @b779957-59@dTB301@eM794@f3 | |
| 材料力学/闵行, 刘书静, 诸文俊.-西安:西安交通大学出版社,2009.12 |
| 217页:图;23cm.-(21世纪应用型本科系列教材) |
| ISBN 978-7-5605-3241-7:CNY22.00 |
| 全书共分11章:绪论、轴向拉伸与压缩、扭转、弯曲内力、弯曲应力、弯曲变形、应力状态分析和强度理论等。本书结构紧凑,语句简明,由浅入深,注意联系工程实际,便于教学和自学。 |
| ● |
| 相关链接 |
|
|
|
正题名:材料力学
索取号:TB301/M794
 
预约/预借
| 序号 | 登录号 | 条形码 | 馆藏地/架位号 | 状态 | 备注 |
| 1 | 779957 | 207799578 | 自科库501/501自科库 11排1列3层/ [索取号:TB301/M794] | 在馆 | |
| 2 | 779958 | 207799587 | 自科库501/501自科库 11排1列3层/ [索取号:TB301/M794] | 在馆 | |
| 3 | 779959 | 207799596 | 自科库501/501自科库 11排1列3层/ [索取号:TB301/M794] | 在馆 |